000 00925cam a22002531 4500
001 gs 38000281
003 DLC
005 20260227111343.0
008 751006s1938 dcuabdf f000 0 eng c
010 _ags 38000281
035 _a(OCoLC)1678200
040 _aU. S. Geol. Survey Library
_cTxArU
_dOCoLC
_dDLC
042 _apremarc
050 0 0 _aQE75
_b.B9 no. 902
100 1 _aEckel, Edwin Butt,
_d1906-
245 1 4 _aThe brown iron ores of eastern Texas,
_cby Edwin B. Eckel.
260 _aWashington,
_bU.S. Govt. Print. Off.,
_c1938.
300 _avi, 157 p. incl. illus.,
_btables. 20 pl. (incl. fold. maps, fold. diagr.)
_c23 cm.
410 2 0 _aGeological Survey (U.S.).
_tBulletin
_v902
500 _aAt head of title: United States Department of the Interior ... Geological Survey ...
500 _aThree of the folded maps are in pocket.
504 _aBibliographical foot-notes.
650 0 _aIron ores
_zTexas.
999 _c27492
_d27492